<?xml version="1.0" encoding="UTF-8"?>
<marc:record xmlns:marc="http://www.loc.gov/MARC21/slim">
   <marc:leader>00000nam a2200000 a 4500</marc:leader>
   <marc:datafield ind1="1" ind2=" " tag="100">
      <marc:subfield code="a">Newton, William Ritchey</marc:subfield>
      <marc:subfield code="4">aut</marc:subfield>
      <marc:subfield code="e">Verfasser/-in</marc:subfield>
   </marc:datafield>
   <marc:datafield ind1="1" ind2=" " tag="100">
      <marc:subfield code="a">Newton, William Ritchey</marc:subfield>
   </marc:datafield>
   <marc:datafield ind1=" " ind2=" " tag="653">
      <marc:subfield code="a">Geschichte 1700-1800</marc:subfield>
   </marc:datafield>
   <marc:datafield ind1=" " ind2=" " tag="653">
      <marc:subfield code="a">Kultur</marc:subfield>
   </marc:datafield>
   <marc:datafield ind1=" " ind2=" " tag="653">
      <marc:subfield code="a">Softcover / Sachbücher/Geschichte/Allgemeines</marc:subfield>
   </marc:datafield>
   <marc:datafield ind1=" " ind2=" " tag="653">
      <marc:subfield code="a">Nachschlagewerke</marc:subfield>
   </marc:datafield>
   <marc:datafield ind1="0" ind2="0" tag="245">
      <marc:subfield code="a">Hinter den Fassaden von Versailles</marc:subfield>
   </marc:datafield>
   <marc:datafield ind1="0" ind2="0" tag="245">
      <marc:subfield code="b">Mätressen, Flöhe und Intrigen am Hof des Sonnenkönigs</marc:subfield>
   </marc:datafield>
   <marc:datafield ind1="0" ind2="0" tag="245">
      <marc:subfield code="c">William Ritchey Newton. Aus dem Franz. von Lis Künzli</marc:subfield>
   </marc:datafield>
   <marc:datafield ind1=" " ind2="1" tag="264">
      <marc:subfield code="a">Berlin</marc:subfield>
      <marc:subfield code="b">Propyläen</marc:subfield>
      <marc:subfield code="c">2010</marc:subfield>
   </marc:datafield>
   <marc:datafield ind1="1" ind2=" " tag="520">
      <marc:subfield code="a">Angaben aus der Verlagsmeldung

Hinter den Fassaden von Versailles : Mätressen, Flöhe und Intrigen am Hof des Sonnenkönigs Derrière la façade : Vivre au château de Versailles au XVIIIe siècle / von William Ritchey Newton

Auch am französischen Königshof war nicht alles Gold, was glänzte: Wo mehr als 4000 Menschen auf engstem Raum zusammenlebten, ergaben sich handfeste Probleme. Die Hofdamen froren erbärmlich vor den zugigen Kaminen, saubere Wäsche war Mangelware und allzumenschliche Bedürfnisse ließen sich bei den ständig verstopften Latrinen kaum befriedigen. Heizungsqualm, unbeaufsichtigte Feuerstellen und verschmutztes Trinkwasser bedeuteten permanente Lebensgefahr, zudem musste man sich mit Läusen, Ratten und anderen Unannehmlichkeiten herumschlagen. Newton wirft einen völlig neuen Blick auf das Leben am Hof von Versailles. Dabei kommt Sensationelles, Kurioses und Unappetitliches ans Licht. Eine genau recherchierte, höchst amüsante Kulturgeschichte.
</marc:subfield>
   </marc:datafield>
   <marc:datafield ind1=" " ind2=" " tag="020">
      <marc:subfield code="a">9783549073629</marc:subfield>
      <marc:subfield code="9">9783549073629</marc:subfield>
   </marc:datafield>
   <marc:datafield ind1=" " ind2=" " tag="041">
      <marc:subfield code="a">ger</marc:subfield>
   </marc:datafield>
   <marc:datafield ind1=" " ind2=" " tag="300">
      <marc:subfield code="a">239 S.</marc:subfield>
   </marc:datafield>
</marc:record>
